00365nam a22001217a 450000500170000000800410001704100080005808200080006610000600007424500720013426000290020630000080023520240812162003.0240812b |||||||| |||| 00| 0 eng d aeng bDED aDedwal Gayatri-2K221077 & Dr. Manasi Javadekar - Guide  aA Study of Recruitment Process on Application Tracking System (ATS) aPune bSPPU cMarch-2024 a66p